000 00580nam a2200181 i 4500
001 32676
003 ES-MaACL
005 20250815113041.0
007 t|
008 030131s1864 fr ||||1| fre d
100 1 _aBerthelot, Marcellin,
_d1827-1907
_9125961
245 1 0 _aLeçons sur les méthodes générales de synthèse en Chimie organique /
_cpar M. Berthelot.
260 _aParís :
_bGauthier-Villars,
_c1864.
300 _aXXI, 524 p. :
_bil. ;
_c23 cm.
650 7 _aQuímica orgánica
_2embne
_9136799
852 _aES-MaACL
_jF-12742
999 _c32676
_d32676